000 01002cad a22002055a 4500
001 E153802
008 110905s2011 xxk f s000 0 eng d
020 _a9781780453217
035 _a(Sirsi) u153802
041 0 _aeng
110 2 _aScotland
_bScottish Government
_95344
245 0 0 _aDeveloping high nature value farming and forestry indicators for the Scotland Rural Development Programme
_h[electronic resource]
260 _aEdinburgh
_bScottish Government
_c2011
520 _aSets out the findings of a Technical Working Group which was set up to develop High Nature Value Farming and Forestry indicators for the Scotland Rural Development Programme 2007-2013. The indicators will allow changes to be tracked in the future.
590 _aKA
651 4 _aScotland
_y1999-
690 _aENVIRONMENTAL AND LAND CONSULTANCY-AGRIBUSINESS-AGRICULTURE
856 4 0 _uhttps://www.scotland.gov.uk/Publications/2011/08/10135254/0
_zView the report free of charge at www.scotland.gov.uk
942 _n0
999 _c112706
_d112706